000 00352cam a2200145ua 4500
041 _amal
_h
082 _a894.8121
_bVAL/GA
100 _aVallathol, .
245 _aGanapathi /
_cVallathol.
_hTextual Documents
260 _aCheruthuruthy :
_bVallathol Granthalayam ,
_c1961.
300 _a26 ; .
504 _a
942 _cBK
999 _c5068
_d5068